000 00972nmc a2200325 a 4500
003 AR-BaBNM
005 20251128211202.0
008 043020s2000 ||||||||||||||000 | spa||
020 _a987-9191-77-3
040 _cAR-BaBNM
100 1 _aGalaburri, María Laura
245 1 0 _aEs posible leer y escribir en el primer ciclo
_btestimonios y propuestas
250 _a1ª ed.
260 _aBuenos Aires
_bEdiciones Novedades Educativas
_c2000
300 _a80 p.
_bil., tablas
490 0 _aRecursos didácticos
504 _aContiene referencias bibliográficas p. 80
650 4 _aENSENANZA DE LA LECTURA
650 4 _aENSENANZA DE LA ESCRITURA
650 4 _aDIVULGACION CIENTIFICA
650 4 _aPERIODISMO
650 4 _aCUENTOS
653 _aPRIMER CICLO DE LA EGB
653 _aORGANIZACION DEL TIEMPO ESCOLAR
653 _aESTRATEGIAS DIDACTICAS
653 _aPRODUCCION DE TEXTOS
653 _aTIPOS DE TEXTOS
942 _cBK
998 _craquel
999 _c18622
_d18622